[Event "45th FIDE Chess Olympiad Open"]
[Site "Budapest, Hungary"]
[Date "2024.09.22"]
[Round "11"]
[White "Mahamat Hachim Bachar"]
[Black "Kabamwanishi, Mashala"]
[Result "0-1"]
[Board "341"]
[WhiteFideId "42800030"]
[BlackFideId "21400059"]
[BlackTitle "FM"]
[WhiteElo "1872"]
[BlackElo "1914"]
[WhiteTeam "Chad"]
[BlackTeam "Democratic Republic of the Congo"]
[WhiteClock "1:29:39"]
[BlackClock "0:21:40"]
[Variant "Standard"]

1. e4 {[%clk 1:30:58]}  c5 {[%clk 1:30:47]} 2. Nc3 {[%clk 1:31:24]}  d6 {[%clk 1:30:28]} 3. Nge2 {[%clk 1:31:45]}  Nc6 {[%clk 1:28:26]} 4. g3 {[%clk 1:32:00]}  h5 {[%clk 1:28:54]} 5. h4 {[%clk 1:32:07]}  g6 {[%clk 1:28:57]} 6. d4 {[%clk 1:32:07]}  cxd4 {[%clk 1:28:54]} 7. Nxd4 {[%clk 1:32:36]}  Bg7 {[%clk 1:28:08]} 8. Be3 {[%clk 1:32:57]}  Nf6 {[%clk 1:28:25]} 9. f3 {[%clk 1:33:11]}  Bd7 {[%clk 1:23:12]} 10. Qd2 {[%clk 1:33:27]}  Rc8 {[%clk 1:23:29]} 11. O-O-O {[%clk 1:33:06]}  a6 {[%clk 1:23:38]} 12. Kb1 {[%clk 1:33:24]}  Ne5 {[%clk 1:22:43]} 13. f4 {[%clk 1:32:24]}  Neg4 {[%clk 1:22:38]} 14. Bg1 {[%clk 1:30:32]}  Rxc3 {[%clk 1:17:31]} 15. Qxc3 {[%clk 1:30:27]}  Nxe4 {[%clk 1:17:53]} 16. Qf3 {[%clk 1:28:21]}  d5 {[%clk 1:10:06]} 17. Bd3 {[%clk 1:27:14]}  O-O {[%clk 1:10:31]} 18. Bxe4 {[%clk 1:26:27]}  dxe4 {[%clk 1:10:55]} 19. Qe2 {[%clk 1:25:06]}  e5 {[%clk 1:07:11]} 20. Nb3 {[%clk 1:25:05]}  Bb5 {[%clk 0:58:15]} 21. Rxd8 {[%clk 1:24:58]}  Bxe2 {[%clk 0:58:42]} 22. Rxf8+ {[%clk 1:25:15]}  Bxf8 {[%clk 0:59:11]} 23. Bc5 {[%clk 1:23:59]}  exf4 {[%clk 0:58:15]} 24. gxf4 {[%clk 1:23:40]}  e3 {[%clk 0:40:49]} 25. Bxf8 {[%clk 1:23:42]}  Kxf8 {[%clk 0:41:18]} 26. Re1 {[%clk 1:23:28]}  Bf3 {[%clk 0:40:52]} 27. Nd4 {[%clk 1:22:20]}  Be4 {[%clk 0:40:43]} 28. b3 {[%clk 1:22:18]}  Ke7 {[%clk 0:40:46]} 29. Kb2 {[%clk 1:22:13]}  Kd6 {[%clk 0:40:21]} 30. c4 {[%clk 1:22:35]}  f6 {[%clk 0:37:46]} 31. Kc3 {[%clk 1:22:49]}  g5 {[%clk 0:38:04]} 32. fxg5 {[%clk 1:22:02]}  fxg5 {[%clk 0:38:32]} 33. hxg5 {[%clk 1:18:40]}  Ke5 {[%clk 0:37:36]} 34. Ne2 {[%clk 1:18:44]}  Bg6 {[%clk 0:33:44]} 35. Rf1 {[%clk 1:16:01]}  Nf2 {[%clk 0:33:56]} 36. Rg1 {[%clk 1:14:21]}  Ke4 {[%clk 0:26:38]} 37. c5 {[%clk 1:11:40]}  h4 {[%clk 0:26:43]} 38. a4 {[%clk 1:10:13]}  h3 {[%clk 0:26:38]} 39. Ng3+ {[%clk 1:06:33]}  Kf3 {[%clk 0:27:04]} 40. Nf1 {[%clk 1:06:38]}  Nd1+ {[%clk 0:20:17]} 41. Kd4 {[%clk 1:06:25]}  Kf2 {[%clk 0:20:34]} 42. Rh1 {[%clk 1:06:01]}  e2 {[%clk 0:18:40]} 43. Nh2 {[%clk 1:02:33]}  e1=Q {[%clk 0:14:18]} 44. Rxe1 {[%clk 1:02:30]}  Kxe1 {[%clk 0:14:47]} 45. b4 {[%clk 1:02:30]}  Nb2 {[%clk 0:14:18]} 46. b5 {[%clk 1:02:30]}  Nxa4 {[%clk 0:14:18]} 47. c6 {[%clk 1:32:18]}  bxc6 {[%clk 0:19:02]} 48. bxc6 {[%clk 1:31:01]}  Nb6 {[%clk 0:19:32]} 49. Ke5 {[%clk 1:31:01]}  a5 {[%clk 0:19:02]} 50. Kf6 {[%clk 1:31:01]}  Be4 {[%clk 0:19:49]} 51. c7 {[%clk 1:30:15]}  a4 {[%clk 0:20:02]} 52. g6 {[%clk 1:30:38]}  Bxg6 {[%clk 0:20:01]} 53. Kxg6 {[%clk 1:30:20]}  a3 {[%clk 0:20:29]} 54. Nf3+ {[%clk 1:30:10]}  Kf2 {[%clk 0:20:49]} 55. Ne5 {[%clk 1:30:07]}  a2 {[%clk 0:20:56]} 56. Nc4 {[%clk 1:30:24]}  Nc8 {[%clk 0:21:17]} 57. Nd6 {[%clk 1:29:39]}  Nxd6 {[%clk 0:21:40]} 0-1

[Event "45th FIDE Chess Olympiad Open"]
[Site "Budapest, Hungary"]
[Date "2024.09.22"]
[Round "11"]
[White "Mimbasa Kutesa, Willy"]
[Black "Abdelaziz Bokhit, Badjoiri"]
[Result "1/2-1/2"]
[Board "342"]
[WhiteFideId "21400113"]
[BlackFideId "42800099"]
[WhiteTitle "FM"]
[WhiteElo "1848"]
[BlackElo "1778"]
[WhiteTeam "Democratic Republic of the Congo"]
[BlackTeam "Chad"]
[WhiteClock "1:03:50"]
[BlackClock "0:15:48"]
[Variant "Standard"]

1. e4 {[%clk 1:30:46]}  e5 {[%clk 1:30:46]} 2. Bc4 {[%clk 1:31:08]}  c6 {[%clk 1:30:26]} 3. Nf3 {[%clk 1:30:30]}  d5 {[%clk 1:30:34]} 4. exd5 {[%clk 1:30:17]}  cxd5 {[%clk 1:30:56]} 5. Bb5+ {[%clk 1:30:17]}  Bd7 {[%clk 1:31:09]} 6. Qe2 {[%clk 1:29:36]}  e4 {[%clk 1:30:37]} 7. Nc3 {[%clk 1:28:59]}  Nf6 {[%clk 1:29:52]} 8. Ne5 {[%clk 1:27:22]}  Nc6 {[%clk 1:29:13]} 9. Nxd7 {[%clk 1:27:09]}  Qxd7 {[%clk 1:29:18]} 10. d3 {[%clk 1:26:47]}  Bb4 {[%clk 1:29:17]} 11. O-O {[%clk 1:26:47]}  O-O {[%clk 1:26:47]} 12. Bg5 {[%clk 1:25:57]}  Qd6 {[%clk 1:24:37]} 13. Bxf6 {[%clk 1:25:57]}  gxf6 {[%clk 1:22:28]} 14. Qe3 {[%clk 1:23:19]}  d4 {[%clk 1:21:03]} 15. Qxe4 {[%clk 1:22:04]}  dxc3 {[%clk 1:21:11]} 16. bxc3 {[%clk 1:21:50]}  Bxc3 {[%clk 1:20:53]} 17. Rad1 {[%clk 1:21:35]}  Nd4 {[%clk 1:18:29]} 18. Bc4 {[%clk 1:20:46]}  b5 {[%clk 1:17:45]} 19. Bd5 {[%clk 1:19:13]}  Rae8 {[%clk 1:17:48]} 20. Qg4+ {[%clk 1:19:17]}  Kh8 {[%clk 1:17:41]} 21. Be4 {[%clk 1:16:24]}  f5 {[%clk 1:07:41]} 22. Bxf5 {[%clk 1:16:29]}  Nxf5 {[%clk 1:07:46]} 23. Qxf5 {[%clk 1:16:40]}  b4 {[%clk 1:07:56]} 24. d4 {[%clk 1:16:32]}  Re6 {[%clk 1:04:51]} 25. Rd3 {[%clk 1:15:49]}  Re2 {[%clk 1:02:14]} 26. Rh3 {[%clk 1:13:33]}  Qg6 {[%clk 1:02:28]} 27. Qc5 {[%clk 1:13:06]}  Rfe8 {[%clk 1:01:26]} 28. Qb5 {[%clk 1:12:30]}  Re1 {[%clk 0:59:39]} 29. Re3 {[%clk 1:12:08]}  R8xe3 {[%clk 0:54:29]} 30. fxe3 {[%clk 1:12:16]}  Rxe3 {[%clk 0:48:56]} 31. Qb8+ {[%clk 1:11:00]}  Kg7 {[%clk 0:48:17]} 32. Qxa7 {[%clk 1:08:36]}  Re2 {[%clk 0:46:52]} 33. g3 {[%clk 1:07:01]}  Rxc2 {[%clk 0:46:40]} 34. Qc5 {[%clk 1:05:48]}  Qe4 {[%clk 0:45:10]} 35. Qg5+ {[%clk 1:05:11]}  Kf8 {[%clk 0:38:18]} 36. Qc5+ {[%clk 1:04:36]}  Qe7 {[%clk 0:36:36]} 37. Qc8+ {[%clk 1:03:50]}  Kg7 {[%clk 0:35:43]} 38. Qg4+ {[%clk 1:03:54]}  Kf8 {[%clk 0:30:27]} 39. Qc8+ {[%clk 1:04:00]}  Qe8 {[%clk 0:28:07]} 40. Qc5+ {[%clk 1:03:37]}  Qe7 {[%clk 0:15:48]} 41. Qc8+ {[%clk 1:03:50]} 1/2-1/2

[Event "45th FIDE Chess Olympiad Open"]
[Site "Budapest, Hungary"]
[Date "2024.09.22"]
[Round "11"]
[White "Adam, Jamal"]
[Black "Kasongo Kazadi Olivier"]
[Result "1-0"]
[Board "343"]
[WhiteFideId "12200620"]
[BlackFideId "21400890"]
[WhiteTitle "CM"]
[WhiteElo "2013"]
[BlackElo "1794"]
[WhiteTeam "Chad"]
[BlackTeam "Democratic Republic of the Congo"]
[WhiteClock "0:59:54"]
[BlackClock "0:32:28"]
[Variant "Standard"]

1. e4 {[%clk 1:30:37]}  e5 {[%clk 1:30:45]} 2. Nf3 {[%clk 1:30:56]}  Nc6 {[%clk 1:30:49]} 3. Bc4 {[%clk 1:31:12]}  h6 {[%clk 1:31:05]} 4. d4 {[%clk 1:31:00]}  exd4 {[%clk 1:31:06]} 5. c3 {[%clk 1:30:56]}  Qf6 {[%clk 1:26:59]} 6. O-O {[%clk 1:30:12]}  Bc5 {[%clk 1:19:06]} 7. e5 {[%clk 1:28:05]}  Qg6 {[%clk 1:12:17]} 8. cxd4 {[%clk 1:27:31]}  Bb6 {[%clk 1:12:26]} 9. Nc3 {[%clk 1:25:37]}  a6 {[%clk 1:10:59]} 10. d5 {[%clk 1:24:27]}  Nd8 {[%clk 1:07:13]} 11. Bd3 {[%clk 1:20:38]}  Qh5 {[%clk 1:05:25]} 12. Ne4 {[%clk 1:18:46]}  Ne7 {[%clk 1:03:23]} 13. Re1 {[%clk 1:18:20]}  O-O {[%clk 1:02:18]} 14. Ng3 {[%clk 1:18:40]}  Qg4 {[%clk 1:00:50]} 15. Re4 {[%clk 1:18:57]}  Qg6 {[%clk 1:01:06]} 16. Nh4 {[%clk 1:16:18]}  Bxf2+ {[%clk 0:59:54]} 17. Kxf2 {[%clk 1:16:18]}  Qb6+ {[%clk 0:59:54]} 18. Be3 {[%clk 1:13:57]}  Qxb2+ {[%clk 0:58:41]} 19. Kg1 {[%clk 1:14:16]}  Nxd5 {[%clk 0:57:19]} 20. Bd4 {[%clk 1:13:58]}  Qa3 {[%clk 0:54:34]} 21. Nhf5 {[%clk 1:08:42]}  Ne6 {[%clk 0:54:34]} 22. Rg4 {[%clk 1:05:47]}  Kh8 {[%clk 0:41:07]} 23. Nxg7 {[%clk 1:05:18]}  Nxd4 {[%clk 0:37:22]} 24. Qd2 {[%clk 1:03:40]}  Ne2+ {[%clk 0:32:26]} 25. Nxe2 {[%clk 1:03:54]}  Qc5+ {[%clk 0:32:00]} 26. Nd4 {[%clk 1:00:59]}  Qb6 {[%clk 0:32:28]} 27. Nge6 {[%clk 0:59:54]} 1-0

[Event "45th FIDE Chess Olympiad Open"]
[Site "Budapest, Hungary"]
[Date "2024.09.22"]
[Round "11"]
[White "Roberts, Gennard"]
[Black "Bonne, Robin"]
[Result "1-0"]
[Board "346"]
[WhiteFideId "23800330"]
[BlackFideId "9800700"]
[WhiteElo "1582"]
[BlackElo "1707"]
[WhiteTeam "Grenada"]
[BlackTeam "Seychelles"]
[WhiteClock "0:47:54"]
[BlackClock "0:46:42"]
[Variant "Standard"]

1. c4 {[%clk 1:30:56]}  Nf6 {[%clk 1:30:50]} 2. g3 {[%clk 1:30:43]}  g6 {[%clk 1:30:58]} 3. Bg2 {[%clk 1:30:59]}  Bg7 {[%clk 1:31:08]} 4. Nf3 {[%clk 1:31:21]}  d6 {[%clk 1:31:05]} 5. O-O {[%clk 1:31:31]}  O-O {[%clk 1:31:10]} 6. Nc3 {[%clk 1:31:50]}  c6 {[%clk 1:30:23]} 7. d3 {[%clk 1:32:08]}  Nbd7 {[%clk 1:29:29]} 8. Rb1 {[%clk 1:32:16]}  Re8 {[%clk 1:28:27]} 9. Bd2 {[%clk 1:31:03]}  e6 {[%clk 1:27:25]} 10. b4 {[%clk 1:28:30]}  Rb8 {[%clk 1:26:32]} 11. b5 {[%clk 1:28:11]}  c5 {[%clk 1:26:06]} 12. Bg5 {[%clk 1:26:33]}  h6 {[%clk 1:26:05]} 13. Bd2 {[%clk 1:26:56]}  Kf8 {[%clk 1:24:36]} 14. Qc1 {[%clk 1:27:07]}  Ng8 {[%clk 1:24:38]} 15. Qa3 {[%clk 1:25:08]}  Ra8 {[%clk 1:22:04]} 16. Bf4 {[%clk 1:24:51]}  e5 {[%clk 1:20:26]} 17. Bd2 {[%clk 1:24:44]}  Ngf6 {[%clk 1:20:18]} 18. Ne1 {[%clk 1:24:07]}  Qe7 {[%clk 1:14:47]} 19. Nc2 {[%clk 1:24:04]}  Nb6 {[%clk 1:13:47]} 20. Qc1 {[%clk 1:24:10]}  Ng8 {[%clk 1:13:43]} 21. a4 {[%clk 1:24:03]}  Rb8 {[%clk 1:10:13]} 22. a5 {[%clk 1:23:29]}  Nd7 {[%clk 1:09:49]} 23. Ne3 {[%clk 1:23:05]}  Ndf6 {[%clk 1:08:43]} 24. Ned5 {[%clk 1:21:03]}  Nxd5 {[%clk 1:08:25]} 25. Nxd5 {[%clk 1:21:24]}  Qd8 {[%clk 1:08:10]} 26. b6 {[%clk 1:21:01]}  a6 {[%clk 1:06:41]} 27. Kh1 {[%clk 1:10:58]}  Bg4 {[%clk 1:03:55]} 28. f3 {[%clk 1:06:56]}  Bd7 {[%clk 1:03:39]} 29. e4 {[%clk 1:00:50]}  Bc6 {[%clk 1:01:45]} 30. Nc7 {[%clk 1:01:06]}  Re7 {[%clk 1:01:34]} 31. f4 {[%clk 1:01:15]}  Rxc7 {[%clk 0:59:23]} 32. bxc7 {[%clk 1:01:30]}  Qxc7 {[%clk 0:59:31]} 33. f5 {[%clk 1:01:07]}  f6 {[%clk 0:57:58]} 34. fxg6 {[%clk 0:59:06]}  Be8 {[%clk 0:58:15]} 35. g4 {[%clk 0:56:15]}  Qd8 {[%clk 0:57:25]} 36. g5 {[%clk 0:55:54]}  hxg5 {[%clk 0:57:01]} 37. Rb6 {[%clk 0:52:49]}  Bxg6 {[%clk 0:55:46]} 38. Bxg5 {[%clk 0:53:12]}  Bf7 {[%clk 0:55:39]} 39. Bh4 {[%clk 0:53:20]}  Bh6 {[%clk 0:54:11]} 40. Qb1 {[%clk 0:52:32]}  Qe7 {[%clk 0:53:41]} 41. Bh3 {[%clk 0:51:38]}  Bf4 {[%clk 0:51:47]} 42. Qb2 {[%clk 0:51:28]}  Bh5 {[%clk 0:51:27]} 43. Bg2 {[%clk 0:49:29]}  Nh6 {[%clk 0:48:50]} 44. Rb1 {[%clk 0:49:22]}  Ng4 {[%clk 0:46:45]} 45. Rxb7 {[%clk 0:48:54]}  Rxb7 {[%clk 0:47:12]} 46. Qxb7 {[%clk 0:49:10]}  Qxb7 {[%clk 0:46:55]} 47. Rxb7 {[%clk 0:49:26]}  Be3 {[%clk 0:45:50]} 48. Rb6 {[%clk 0:48:50]}  Nf2+ {[%clk 0:45:34]} 49. Bxf2 {[%clk 0:49:10]}  Bxf2 {[%clk 0:45:58]} 50. Rxa6 {[%clk 0:49:37]}  Be2 {[%clk 0:46:04]} 51. Ra8+ {[%clk 0:49:34]}  Ke7 {[%clk 0:46:33]} 52. a6 {[%clk 0:48:52]}  Bxd3 {[%clk 0:46:55]} 53. a7 {[%clk 0:48:46]}  Bxc4 {[%clk 0:46:46]} 54. Rb8 {[%clk 0:48:00]}  Bd3 {[%clk 0:46:41]} 55. a8=Q {[%clk 0:48:11]}  Kf7 {[%clk 0:46:39]} 56. Qb7+ {[%clk 0:47:33]}  Kg6 {[%clk 0:46:42]} 57. Rg8+ {[%clk 0:47:54]} 1-0

[Event "45th FIDE Chess Olympiad Open"]
[Site "Budapest, Hungary"]
[Date "2024.09.22"]
[Round "11"]
[White "Heim, Colin Peter"]
[Black "Cottle, Brian S"]
[Result "1/2-1/2"]
[Board "350"]
[WhiteFideId "6800637"]
[BlackFideId "36100072"]
[BlackTitle "CM"]
[WhiteElo "1751"]
[BlackElo "1804"]
[WhiteTeam "US Virgin Islands"]
[BlackTeam "Saint Vincent and the Grenadines"]
[WhiteClock "0:42:19"]
[BlackClock "0:11:47"]
[Variant "Standard"]

1. e4 {[%clk 1:30:55]}  Nf6 {[%clk 1:30:51]} 2. Nc3 {[%clk 1:31:10]}  e5 {[%clk 1:31:11]} 3. Bc4 {[%clk 1:31:34]}  Nc6 {[%clk 1:31:17]} 4. Nge2 {[%clk 1:31:52]}  Bc5 {[%clk 1:30:54]} 5. O-O {[%clk 1:32:10]}  d6 {[%clk 1:30:54]} 6. d3 {[%clk 1:32:34]}  Bg4 {[%clk 1:28:36]} 7. Be3 {[%clk 1:31:36]}  O-O {[%clk 1:26:04]} 8. Qd2 {[%clk 1:31:29]}  Bxe3 {[%clk 1:22:05]} 9. fxe3 {[%clk 1:29:35]}  Na5 {[%clk 1:17:58]} 10. Bb3 {[%clk 1:29:28]}  Nxb3 {[%clk 1:17:49]} 11. axb3 {[%clk 1:29:39]}  a6 {[%clk 1:16:48]} 12. d4 {[%clk 1:29:05]}  c6 {[%clk 1:03:21]} 13. Rad1 {[%clk 1:28:13]}  Qe7 {[%clk 1:02:03]} 14. h3 {[%clk 1:28:19]}  Bh5 {[%clk 1:02:11]} 15. Rde1 {[%clk 1:26:31]}  Bxe2 {[%clk 0:55:27]} 16. Rxe2 {[%clk 1:25:40]}  b5 {[%clk 0:51:46]} 17. dxe5 {[%clk 1:24:00]}  Qxe5 {[%clk 0:48:54]} 18. Qd4 {[%clk 1:22:43]}  c5 {[%clk 0:45:31]} 19. Qxe5 {[%clk 1:22:48]}  dxe5 {[%clk 0:45:58]} 20. Rf5 {[%clk 1:21:10]}  Rae8 {[%clk 0:41:33]} 21. Kf2 {[%clk 1:18:07]}  b4 {[%clk 0:41:09]} 22. Nd5 {[%clk 1:17:34]}  Nxe4+ {[%clk 0:38:49]} 23. Kf3 {[%clk 1:17:54]}  g6 {[%clk 0:38:55]} 24. Nf6+ {[%clk 1:18:04]}  Kh8 {[%clk 0:35:35]} 25. Nxe8 {[%clk 1:16:35]}  gxf5 {[%clk 0:36:02]} 26. Nc7 {[%clk 1:16:22]}  Rg8 {[%clk 0:32:02]} 27. g4 {[%clk 1:16:22]}  Ng5+ {[%clk 0:31:52]} 28. Kg3 {[%clk 1:15:40]}  a5 {[%clk 0:31:21]} 29. Nd5 {[%clk 1:06:01]}  fxg4 {[%clk 0:27:43]} 30. hxg4 {[%clk 1:05:41]}  Kg7 {[%clk 0:25:16]} 31. Ne7 {[%clk 1:02:07]}  Ra8 {[%clk 0:24:25]} 32. Kh4 {[%clk 1:00:36]}  h6 {[%clk 0:21:43]} 33. Rf2 {[%clk 0:58:58]}  a4 {[%clk 0:17:33]} 34. Nf5+ {[%clk 0:55:12]}  Kg6 {[%clk 0:16:33]} 35. Ne7+ {[%clk 0:55:15]}  Kh7 {[%clk 0:16:47]} 36. Kh5 {[%clk 0:55:08]}  a3 {[%clk 0:15:15]} 37. bxa3 {[%clk 0:54:47]}  bxa3 {[%clk 0:15:42]} 38. Rf1 {[%clk 0:54:02]}  a2 {[%clk 0:15:49]} 39. Ra1 {[%clk 0:54:10]}  Nf3 {[%clk 0:15:36]} 40. Nd5 {[%clk 0:53:47]}  Ne1 {[%clk 0:15:38]} 41. Nc3 {[%clk 0:53:05]}  Nxc2 {[%clk 0:15:55]} 42. Rxa2 {[%clk 0:53:22]}  Rxa2 {[%clk 0:16:20]} 43. Nxa2 {[%clk 0:53:46]}  Nxe3 {[%clk 0:16:20]} 44. Nc1 {[%clk 0:53:45]}  Nc2 {[%clk 0:14:33]} 45. Nd3 {[%clk 0:53:46]}  e4 {[%clk 0:14:26]} 46. Nxc5 {[%clk 0:53:01]}  e3 {[%clk 0:14:41]} 47. Nd3 {[%clk 0:52:16]}  e2 {[%clk 0:14:50]} 48. g5 {[%clk 0:50:38]}  hxg5 {[%clk 0:14:11]} 49. Kxg5 {[%clk 0:51:03]}  e1=Q {[%clk 0:14:29]} 50. Nxe1 {[%clk 0:51:22]}  Nxe1 {[%clk 0:14:45]} 51. b4 {[%clk 0:50:51]}  Nd3 {[%clk 0:15:01]} 52. b5 {[%clk 0:51:04]}  Nc5 {[%clk 0:15:25]} 53. Kf6 {[%clk 0:46:34]}  Kg8 {[%clk 0:15:51]} 54. Ke7 {[%clk 0:44:57]}  f5 {[%clk 0:15:44]} 55. Kd6 {[%clk 0:42:19]}  f4 {[%clk 0:11:47]} 1/2-1/2

[Event "45th FIDE Chess Olympiad Open"]
[Site "Budapest, Hungary"]
[Date "2024.09.22"]
[Round "11"]
[White "Schneider, James U"]
[Black "Hair, Justin M"]
[Result "0-1"]
[Board "351"]
[WhiteFideId "36100102"]
[BlackFideId "6800726"]
[WhiteElo "1486"]
[BlackElo "1725"]
[WhiteTeam "Saint Vincent and the Grenadines"]
[BlackTeam "US Virgin Islands"]
[WhiteClock "0:09:03"]
[BlackClock "0:30:12"]
[Variant "Standard"]

1. e4 {[%clk 1:30:57]}  e6 {[%clk 1:30:52]} 2. Nc3 {[%clk 1:31:17]}  d5 {[%clk 1:31:07]} 3. d4 {[%clk 1:31:35]}  c5 {[%clk 1:30:57]} 4. Nf3 {[%clk 1:29:37]}  dxe4 {[%clk 1:28:25]} 5. Nxe4 {[%clk 1:29:42]}  cxd4 {[%clk 1:28:25]} 6. Qxd4 {[%clk 1:27:46]}  Nc6 {[%clk 1:27:04]} 7. Qxd8+ {[%clk 1:27:41]}  Nxd8 {[%clk 1:27:28]} 8. b3 {[%clk 1:25:55]}  Bb4+ {[%clk 1:26:46]} 9. c3 {[%clk 1:24:19]}  Be7 {[%clk 1:26:43]} 10. Bd3 {[%clk 1:19:05]}  Nf6 {[%clk 1:26:43]} 11. Bb2 {[%clk 1:18:33]}  Nc6 {[%clk 1:24:51]} 12. O-O {[%clk 1:18:20]}  O-O {[%clk 1:25:12]} 13. c4 {[%clk 1:16:44]}  Nxe4 {[%clk 1:21:29]} 14. Bxe4 {[%clk 1:16:57]}  Bd7 {[%clk 1:21:50]} 15. Rad1 {[%clk 1:16:53]}  Rfd8 {[%clk 1:21:19]} 16. a3 {[%clk 1:16:43]}  f5 {[%clk 1:18:15]} 17. Bc2 {[%clk 1:15:57]}  Kf7 {[%clk 1:17:58]} 18. Rd2 {[%clk 1:15:37]}  Bf6 {[%clk 1:17:33]} 19. Bxf6 {[%clk 1:11:35]}  Kxf6 {[%clk 1:17:53]} 20. Rfd1 {[%clk 1:11:53]}  Be8 {[%clk 1:17:18]} 21. Kf1 {[%clk 1:08:37]}  Rxd2 {[%clk 1:15:41]} 22. Rxd2 {[%clk 1:08:43]}  Rd8 {[%clk 1:15:32]} 23. b4 {[%clk 1:05:57]}  Rxd2 {[%clk 1:11:24]} 24. Nxd2 {[%clk 1:06:10]}  Nd4 {[%clk 1:10:17]} 25. Bd1 {[%clk 1:05:24]}  Ke5 {[%clk 1:09:24]} 26. Ke1 {[%clk 1:04:22]}  b5 {[%clk 1:07:50]} 27. g3 {[%clk 1:01:36]}  Bc6 {[%clk 0:58:04]} 28. f4+ {[%clk 0:53:33]}  Kd6 {[%clk 0:56:31]} 29. c5+ {[%clk 0:53:24]}  Kd5 {[%clk 0:56:30]} 30. Bf3+ {[%clk 0:45:54]}  Nxf3+ {[%clk 0:55:10]} 31. Nxf3 {[%clk 0:46:15]}  a5 {[%clk 0:47:44]} 32. Ne5 {[%clk 0:44:32]}  Bb7 {[%clk 0:44:18]} 33. Kd2 {[%clk 0:41:05]}  axb4 {[%clk 0:40:17]} 34. axb4 {[%clk 0:41:23]}  h6 {[%clk 0:39:20]} 35. Ke3 {[%clk 0:41:23]}  g5 {[%clk 0:38:19]} 36. Ng6 {[%clk 0:27:05]}  Kc4 {[%clk 0:37:45]} 37. Ne7 {[%clk 0:27:18]}  Kxb4 {[%clk 0:37:31]} 38. c6 {[%clk 0:27:26]}  Ba6 {[%clk 0:37:36]} 39. c7 {[%clk 0:26:03]}  Kc3 {[%clk 0:37:41]} 40. c8=Q+ {[%clk 0:14:21]}  Bxc8 {[%clk 0:38:05]} 41. Nxc8 {[%clk 0:14:42]}  b4 {[%clk 0:38:25]} 42. Nd6 {[%clk 0:14:00]}  b3 {[%clk 0:33:04]} 43. Nb5+ {[%clk 0:11:22]}  Kb4 {[%clk 0:27:37]} 44. Kd2 {[%clk 0:08:55]}  Kxb5 {[%clk 0:27:56]} 45. Kc3 {[%clk 0:09:15]}  Ka4 {[%clk 0:28:15]} 46. Kb2 {[%clk 0:09:36]}  gxf4 {[%clk 0:28:29]} 47. gxf4 {[%clk 0:09:50]}  Kb4 {[%clk 0:28:53]} 48. h3 {[%clk 0:08:51]}  Kc4 {[%clk 0:29:13]} 49. h4 {[%clk 0:08:31]}  Kd4 {[%clk 0:29:38]} 50. Kxb3 {[%clk 0:08:55]}  Ke4 {[%clk 0:29:50]} 51. Kc3 {[%clk 0:09:03]}  Kxf4 {[%clk 0:30:12]} 0-1

[Event "45th FIDE Chess Olympiad Open"]
[Site "Budapest, Hungary"]
[Date "2024.09.22"]
[Round "11"]
[White "Bongo Akanga Ndjila, Barthelemy"]
[Black "Carbonell, Nicolas"]
[Result "1-0"]
[Board "354"]
[WhiteFideId "10609431"]
[BlackFideId "22003266"]
[WhiteTitle "CM"]
[WhiteElo "1894"]
[BlackElo "1798"]
[WhiteTeam "Gabon"]
[BlackTeam "Burkina Faso"]
[WhiteClock "0:58:28"]
[BlackClock "0:49:51"]
[Variant "Standard"]

1. d4 {[%clk 1:30:43]}  d5 {[%clk 1:30:59]} 2. c4 {[%clk 1:31:09]}  Nf6 {[%clk 1:30:45]} 3. cxd5 {[%clk 1:31:34]}  Bf5 {[%clk 1:29:15]} 4. Nc3 {[%clk 1:29:11]}  Nxd5 {[%clk 1:29:15]} 5. Qb3 {[%clk 1:29:31]}  Nxc3 {[%clk 1:27:35]} 6. bxc3 {[%clk 1:28:36]}  Bc8 {[%clk 1:23:49]} 7. e4 {[%clk 1:28:58]}  e6 {[%clk 1:20:08]} 8. Nf3 {[%clk 1:25:04]}  Be7 {[%clk 1:18:14]} 9. Bb5+ {[%clk 1:24:39]}  c6 {[%clk 1:17:56]} 10. Bd3 {[%clk 1:25:01]}  Nd7 {[%clk 1:17:38]} 11. e5 {[%clk 1:25:10]}  Nb6 {[%clk 1:17:12]} 12. Bd2 {[%clk 1:22:29]}  c5 {[%clk 1:15:07]} 13. a4 {[%clk 1:17:41]}  O-O {[%clk 1:13:17]} 14. a5 {[%clk 1:14:06]}  Nd5 {[%clk 1:11:40]} 15. c4 {[%clk 1:14:28]}  Nc7 {[%clk 1:11:44]} 16. Be4 {[%clk 1:10:06]}  cxd4 {[%clk 1:09:37]} 17. a6 {[%clk 1:10:21]}  b6 {[%clk 1:06:41]} 18. Bxa8 {[%clk 1:03:57]}  Nxa8 {[%clk 1:07:08]} 19. Qd3 {[%clk 1:04:15]}  Bc5 {[%clk 1:06:39]} 20. Ng5 {[%clk 1:04:22]}  g6 {[%clk 1:04:35]} 21. Qh3 {[%clk 1:04:46]}  h5 {[%clk 1:03:59]} 22. g4 {[%clk 1:04:40]}  Be7 {[%clk 1:04:16]} 23. Qh4 {[%clk 1:03:23]}  f6 {[%clk 1:03:38]} 24. exf6 {[%clk 1:03:21]}  Bxf6 {[%clk 1:00:58]} 25. gxh5 {[%clk 1:03:43]}  Rf7 {[%clk 0:58:52]} 26. Nxf7 {[%clk 1:02:19]}  Bxh4 {[%clk 0:59:18]} 27. Nxd8 {[%clk 1:02:40]}  Bxd8 {[%clk 0:59:39]} 28. hxg6 {[%clk 1:02:51]}  Nc7 {[%clk 0:59:50]} 29. h4 {[%clk 1:03:04]}  Bf6 {[%clk 0:59:41]} 30. h5 {[%clk 1:03:27]}  e5 {[%clk 0:58:10]} 31. Ra3 {[%clk 0:58:39]}  Ne6 {[%clk 0:49:51]} 32. Rf3 {[%clk 0:58:28]} 1-0

[Event "45th FIDE Chess Olympiad Open"]
[Site "Budapest, Hungary"]
[Date "2024.09.22"]
[Round "11"]
[White "Kim, Sanker"]
[Black "Tan, Santiago Jr"]
[Result "1/2-1/2"]
[Board "357"]
[WhiteFideId "15800237"]
[BlackFideId "16601661"]
[WhiteElo "1564"]
[BlackElo "1903"]
[WhiteTeam "Cambodia"]
[BlackTeam "Palau"]
[WhiteClock "0:25:13"]
[BlackClock "0:30:02"]
[Variant "Standard"]

1. d4 {[%clk 1:30:57]}  g6 {[%clk 1:30:50]} 2. c4 {[%clk 1:31:09]}  d5 {[%clk 1:30:24]} 3. cxd5 {[%clk 1:31:02]}  Bg7 {[%clk 1:30:45]} 4. Nc3 {[%clk 1:29:04]}  c6 {[%clk 1:31:02]} 5. e4 {[%clk 1:27:30]}  cxd5 {[%clk 1:30:16]} 6. e5 {[%clk 1:26:29]}  a6 {[%clk 1:28:37]} 7. h3 {[%clk 1:24:47]}  Nc6 {[%clk 1:26:32]} 8. Nf3 {[%clk 1:24:11]}  e6 {[%clk 1:25:39]} 9. Bd3 {[%clk 1:23:57]}  Nge7 {[%clk 1:23:43]} 10. O-O {[%clk 1:23:00]}  b5 {[%clk 1:21:34]} 11. a3 {[%clk 1:22:18]}  Bb7 {[%clk 1:14:16]} 12. b4 {[%clk 1:20:45]}  Rc8 {[%clk 1:12:27]} 13. Bd2 {[%clk 1:17:18]}  Qb6 {[%clk 1:08:56]} 14. Rc1 {[%clk 1:14:28]}  O-O {[%clk 1:09:00]} 15. Be3 {[%clk 1:11:54]}  Na7 {[%clk 1:06:06]} 16. Qd2 {[%clk 1:08:21]}  Rc7 {[%clk 0:55:33]} 17. Bh6 {[%clk 0:57:50]}  Rfc8 {[%clk 0:55:39]} 18. Bxg7 {[%clk 0:57:08]}  Kxg7 {[%clk 0:55:54]} 19. Qg5 {[%clk 0:45:03]}  Ng8 {[%clk 0:56:02]} 20. Ne2 {[%clk 0:44:41]}  h6 {[%clk 0:54:40]} 21. Qf4 {[%clk 0:43:42]}  Bc6 {[%clk 0:52:37]} 22. Ng3 {[%clk 0:40:46]}  Be8 {[%clk 0:51:51]} 23. h4 {[%clk 0:38:13]}  Rxc1 {[%clk 0:48:47]} 24. Rxc1 {[%clk 0:38:17]}  Rxc1+ {[%clk 0:48:57]} 25. Qxc1 {[%clk 0:38:38]}  a5 {[%clk 0:49:08]} 26. h5 {[%clk 0:37:07]}  axb4 {[%clk 0:48:48]} 27. axb4 {[%clk 0:37:05]}  Nc6 {[%clk 0:48:12]} 28. Qb2 {[%clk 0:35:46]}  Qa6 {[%clk 0:46:59]} 29. hxg6 {[%clk 0:35:35]}  fxg6 {[%clk 0:47:04]} 30. Ne1 {[%clk 0:35:33]}  Qa4 {[%clk 0:45:18]} 31. Nc2 {[%clk 0:35:06]}  h5 {[%clk 0:41:12]} 32. Ne2 {[%clk 0:33:37]}  Qa6 {[%clk 0:39:06]} 33. Qa3 {[%clk 0:30:09]}  Qb7 {[%clk 0:38:26]} 34. Nc3 {[%clk 0:29:32]}  Na7 {[%clk 0:36:18]} 35. Qa5 {[%clk 0:28:57]}  Ne7 {[%clk 0:30:02]} 36. Qa3 {[%clk 0:25:13]} 1/2-1/2